[Event "Albena Masters op"]
[Site "Albena"]
[Date "2012.06.01"]
[Round "7"]
[White "De Seroux, Camille"]
[Black "Mitscherling, Andreas"]
[Result "0-1"]
[WhiteElo "2128"]
[BlackElo "2286"]
[PlyCount "104"]
[EventDate "2012.05.26"]
[EventType "swiss"]
[EventRounds "9"]
[EventCountry "BUL"]
[SourceTitle "CBM 148 Extra"]
[Source "ChessBase"]
[SourceDate "2012.06.22"]
[SourceVersion "1"]
[SourceVersionDate "2012.06.22"]
[SourceQuality "1"]

1. e4 Nf6 2. e5 Nd5 3. d4 d6 4. Nf3 Bg4 5. Be2 e6 6. 0-0 Be7 7. c4 Nb6 8. h3 Bh5 9. Nc3 0-0 10. Be3 Nc6 11. b3 dxe5 12. Nxe5 Bxe2 13. Nxe2 Nxe5 14. dxe5 Nd7 15. f4 Nc5 16. Nd4 a5 17. Qg4 f5 18. exf6 Rxf6 19. Rad1 Qf8 20. Bd2 Qf7 21. Rde1 Nd3 22. Rxe6 Bc5 23. f5 Rf8 24. Re4 Rxf5 25. Rxf5 Qxf5 26. Qxf5 Rxf5 27. Be3 Re5 28. Rxe5 Nxe5 29. Nc2 Nd3 30. Bxc5 Nxc5 31. Nd4 c6 32. Kf1 Kf7 33. Ke2 Kf6 34. Ke3 g5 35. a3 Nd7 36. Ke4 h5 37. b4 Ne5 38. c5 a4 39. b5 h4 40. bxc6 bxc6 41. Ne2 Nd7 42. Kd4 Kf5 43. Nc3 Kf4 44. Nxa4 Kg3 45. Nc3 Kxg2 46. Ne4 g4 47. hxg4 h3 48. Ke3 h2 49. Nf2 Ne5 50. g5 Nd3 51. g6 Nxf2 52. g7 Ng4+ 0-1

[Event "Albena Masters op"]
[Site "Albena"]
[Date "2012.05.29"]
[Round "4"]
[White "Mitscherling, Andreas"]
[Black "Stamnov, Aleksander"]
[Result "0-1"]
[WhiteElo "2286"]
[BlackElo "2191"]
[PlyCount "134"]
[EventDate "2012.05.26"]
[EventType "swiss"]
[EventRounds "9"]
[EventCountry "BUL"]
[SourceTitle "CBM 148 Extra"]
[Source "ChessBase"]
[SourceDate "2012.06.22"]
[SourceVersion "1"]
[SourceVersionDate "2012.06.22"]
[SourceQuality "1"]

1. c4 c6 2. d4 d5 3. cxd5 cxd5 4. Nc3 Nf6 5. Nf3 Nc6 6. Bf4 Bf5 7. e3 e6 8. Qb3 Bb4 9. Bb5 0-0 10. 0-0 Bxc3 11. bxc3 Na5 12. Qb4 Ne4 13. Bd3 Rc8 14. Bxe4 Bxe4 15. Nd2 Bd3 16. Rfd1 b6 17. Rac1 Qd7 18. Nb3 Nc6 19. Qd6 Qxd6 20. Bxd6 Rfd8 21. Rxd3 Rxd6 22. f3 Rd7 23. Kf2 Rdc7 24. a3 Nd8 25. e4 Nb7 26. e5 Kf8 27. Ke2 Ke7 28. Kd2 Rc4 29. Kc2 R4c6 30. f4 b5 31. Rb1 Rb6 32. Nd2 Na5 33. Rf3 Rcb8 34. Rff1 Rc8 35. Rb2 a6 36. g3 Rbc6 37. Rf3 R8c7 38. h3 Rc8 39. g4 R6c7 40. f5 exf5 41. gxf5 Rc6 42. a4 Rb6 43. axb5 axb5 44. Ra2 Nc6 45. Kd3 b4 46. Rb2 Ra8 47. cxb4 Ra3+ 48. Rb3 Rxb3+ 49. Nxb3 Rxb4 50. Nd2 Rxd4+ 51. Ke3 Ra4 52. f6+ gxf6 53. Rxf6 Nxe5 54. Rh6 f5 55. Rxh7+ Kf6 56. Rh6+ Kg5 57. Rd6 Ra3+ 58. Ke2 Rd3 59. Re6 Kf4 60. h4 Rh3 61. Kd1 d4 62. Nf1 Rh1 63. Ke2 Rxh4 64. Rd6 Kg5 65. Rd5 Re4+ 66. Kf2 Ng4+ 67. Kf3 Rf4+ 0-1

[Event "Albena Masters op"]
[Site "Albena"]
[Date "2012.05.27"]
[Round "2"]
[White "Mitscherling, Andreas"]
[Black "Baryshpolets, Andrey"]
[Result "1-0"]
[WhiteElo "2286"]
[BlackElo "2487"]
[PlyCount "59"]
[EventDate "2012.05.26"]
[EventType "swiss"]
[EventRounds "9"]
[EventCountry "BUL"]
[SourceTitle "CBM 148 Extra"]
[Source "ChessBase"]
[SourceDate "2012.06.22"]
[SourceVersion "1"]
[SourceVersionDate "2012.06.22"]
[SourceQuality "1"]

1. c4 Nf6 2. g3 g6 3. Nc3 Bg7 4. Bg2 c5 5. e4 Nc6 6. Nge2 0-0 7. d3 d6 8. 0-0 Rb8 9. Rb1 Bd7 10. h3 Ne8 11. Be3 a6 12. Qd2 b5 13. b3 Nd4 14. Bg5 b4 15. Nd5 f6 16. Be3 Nxe2+ 17. Qxe2 e6 18. Nf4 f5 19. exf5 Rxf5 20. h4 Nc7 21. Bc1 Kh8 22. Be4 Rf6 23. h5 e5 24. Nd5 Nxd5 25. Bxd5 h6 26. hxg6 Rxg6 27. Kg2 Qe8 28. Rh1 Bc6 29. Qf3 Rf6 30. Bxc6 1-0

[Event "Ostrava Konik op-A"]
[Site "Ostrava"]
[Date "2011.05.06"]
[Round "7"]
[White "Blahynka, Martin"]
[Black "Mitscherling, Andreas"]
[Result "1/2-1/2"]
[WhiteElo "1957"]
[BlackElo "2227"]
[PlyCount "91"]
[EventDate "2011.04.30"]
[EventType "swiss"]
[EventRounds "9"]
[EventCountry "CZE"]
[SourceTitle "CBM 142 Extra"]
[Source "ChessBase"]
[SourceDate "2011.06.27"]
[SourceVersion "1"]
[SourceVersionDate "2011.06.27"]
[SourceQuality "1"]

1. e4 Nf6 2. e5 Nd5 3. c4 Nb6 4. d4 d6 5. f4 dxe5 6. fxe5 c5 7. d5 e6 8. Nc3 exd5 9. cxd5 c4 10. d6 f6 11. Nd5 Nxd5 12. Qxd5 Nc6 13. Bxc4 Qa5+ 14. Qxa5 Nxa5 15. Bb5+ Bd7 16. Bxd7+ Kxd7 17. exf6 Re8+ 18. Kf2 gxf6 19. Bf4 Nc4 20. Rc1 Nxd6 21. Ne2 Be7 22. Rhd1 Rc8 23. Nc3 Ke6 24. Re1+ Kf7 25. Rcd1 Rhd8 26. Nd5 Nf5 27. Nxe7 Nxe7 28. Rxd8 Rxd8 29. Rc1 Nd5 30. Be3 a6 31. a3 Ke6 32. g3 h5 33. Rc4 f5 34. Bg5 Rg8 35. h4 Re8 36. Rc1 Kd6 37. b3 a5 38. Rc4 b5 39. Bf4+ Nxf4 40. Rxf4 Ke5 41. a4 Rc8 42. axb5 Rb8 43. b4 a4 44. b6 Rxb6 45. b5 Rxb5 46. Rxa4 1/2-1/2

[Event "Ostrava Konik op-A"]
[Site "Ostrava"]
[Date "2011.05.04"]
[Round "5"]
[White "Dobes, Ludek"]
[Black "Mitscherling, Andreas"]
[Result "0-1"]
[WhiteElo "2075"]
[BlackElo "2227"]
[PlyCount "38"]
[EventDate "2011.04.30"]
[EventType "swiss"]
[EventRounds "9"]
[EventCountry "CZE"]
[SourceTitle "CBM 142 Extra"]
[Source "ChessBase"]
[SourceDate "2011.06.27"]
[SourceVersion "1"]
[SourceVersionDate "2011.06.27"]
[SourceQuality "1"]

1. d4 Nf6 2. Nf3 e6 3. c4 Bb4+ 4. Bd2 Qe7 5. Nc3 b6 6. g3 Bb7 7. Bg2 d5 8. 0-0 0-0 9. Bf4 c6 10. a3 Bd6 11. Bxd6 Qxd6 12. b4 Nbd7 13. Qd2 Ne4 14. Qb2 f5 15. e3 Ba6 16. Rfe1 Bxc4 17. Nd2 b5 18. f3 Nxd2 19. Qxd2 a5 0-1